Protein engineering in industrial biotechnology (Record no. 135829)

MARC details
000 -LEADER
fixed length control field 00405nam a2200145Ia 4500
005 - DATE AND TIME OF LATEST TRANSACTION
control field 20240821155849.0
008 - FIXED-LENGTH DATA ELEMENTS--GENERAL INFORMATION
fixed length control field 240821s9999||||xx |||||||||||||| ||und||
082 ## - DEWEY DECIMAL CLASSIFICATION NUMBER
Classification number 660.6 PRO
100 ## - MAIN ENTRY--PERSONAL NAME
Personal name Alberghina, Lilia
245 #0 - TITLE STATEMENT
Title Protein engineering in industrial biotechnology
260 ## - PUBLICATION, DISTRIBUTION, ETC.
Place of publication, distribution, etc. Amsterdam
Name of publisher, distributor, etc. Harwood Academic Publishers
Date of publication, distribution, etc. 2003
300 ## - PHYSICAL DESCRIPTION
Extent xiv,376p
650 ## - SUBJECT ADDED ENTRY--TOPICAL TERM
Topical term or geographic name entry element Chemical engineering
942 ## - ADDED ENTRY ELEMENTS (KOHA)
Koha item type Book
Holdings
Withdrawn status Lost status Damaged status Not for loan Home library Current library Date acquired Total checkouts Barcode Date last seen Price effective from Koha item type
        Library and Documentation Division NCERT Library and Documentation Division NCERT 08/21/2024   123806 08/21/2024 08/21/2024 Book